000 00430nam a2200169Ia 4500
003 LK-CoDNM
008 010623t1927 xxu||||| |||| 00| 1 eng d
040 _aLK-CoDNM
_dLK-CoDNM
_eLK-CoDNM
041 _aeng
080 _a50
_bD1
100 _aClifford,W.H
_eed.
245 _aMiracles of Healing : A Divine Healing Magazine
260 _bAuthor
_aColombo
_c1927
300 _b200P., 23 cm
650 _aChristianity
942 _cBK
999 _c93817
_d93817